01992cam a22002537i 4500020002900000020003000029020002400059040001000083082002600093100001900119245004200138300004600180490004900226500011200275520105300387650002601440650001601466650001201482650005401494700002401548942001001572999001701582952013901599 a9781853399947 (hardback) a9781552669754 (paperback) a9781780449944 (pdf) cBTCTA04a577 ROS 2017 A035 Or.1 aRosset, Peter,10aAgroecology :bscience and politics / axiv, 146 pages :billustrations ;c21 cm.0 aAgrarian change and peasant studies series ; a"Published in the rest of the world by Practical Action Publishing ... Warwickshire, UK"--Title page verso. a"Our global food system is largely based on unsustainable industrial agricultural practices, is a major source of greenhouse gas emissions, is controlled by a handful of large corporations and produces unhealthy food. Agroecology is a solution to these increasingly urgent problems. After decades of being dismissed by mainstream institutions and defended in obscurity by grassroots movements and farmers, agroecology is suddenly in fashion. The UN Food and and Agriculture Organization, government ministries and even corporations are jumping on the bandwagon. But, are they pushing the same agroecology as developed by pioneering farmers and scientists and pushed for by peasant social movements, or are they seeking to co-opt the concept and give it different content? Rosset and Altieri, two of the world's leading agroecologists, outline the principles, history and currents of agroecological thought, the scientific evidence for agroecology, the social aspects of bringing agroecology to scale and the contemporary politics of agroecology."-- 0aAgricultural ecology. 0aAgriculture 0aEcology 4aTECHNOLOGY & ENGINEERING / Agriculture / General.1 aAltieri, Miguel A., cAEDBB c20780d20780 0010406577_000000000000000_ROS_2017_A035_OR70992293aLBAbLBAcA035d2022-11-30o577 ROS 2017 A035 Or.pa069914r2022-11-30yAEDBB